Statistics for Canadian Cities with International Airports

Click here to take the quiz!

General Stats

  • This quiz has been taken 374 times
    (349 since last reset)
  • The average score is 17 of 26

Answer Stats

ProvinceAnswer% Correct
ONToronto
99%
BCVancouver
97%
QCMontreal
96%
ABCalgary
94%
ABEdmonton
94%
QCQuebec City
94%
ONOttawa
89%
MBWinnipeg
89%
NSHalifax
87%
SKSaskatoon
81%
BCVictoria
81%
NLSt John's
80%
SKRegina
79%
YTWhitehorse
68%
ONHamilton
65%
ONLondon
65%
ONThunder Bay
56%
BCKelowna
51%
NBMoncton
49%
NBFredericton
45%
ONKitchener/Waterloo
39%
BCAbbotsford
35%
ABRed Deer
33%
NLGander
30%
ABFort McMurray
28%
BCCranbrook
5%

Score Distribution

Percentile by Number Answered

Percent of People with Each Score

Your Score History

You have not taken this quiz since the last reset